El estado y la educación

Збережено в:
Бібліографічні деталі
Автор: Munizaga Aguirre, Roberto (autor)
Формат: Книга
Мова:Іспанська
Опубліковано: Santiago Aval 1953
Предмети:
Теги: Додати тег
Немає тегів, Будьте першим, хто поставить тег для цього запису!

MARC

LEADER 00000nam a2200000 a 4500
001 UCZ6115
003 CL-VaPUC
008 951201e19530000CL |||||||||||||||||spa|d
082 0 4 |a 379.1  |b MUN  |2 21 
100 |a Munizaga Aguirre, Roberto  |e autor  |9 429824 
245 1 3 |a El estado y la educación 
300 |a 59 p 
942 |c BK 
945 |d 19951201 00:00:00  |a cmena 
260 |a Santiago  |b Aval  |c 1953 
650 0 |a Estado y educación   |9 311264 
650 0 |a Responsabilidad del estado  |9 258115 
650 0 |a Libertad de enseñanza   |9 311567 
650 0 |a Filosofía de la educación   |9 258384 
583 |a last modification  |c 19951201 00:00:00  |k Rodrigo Vera 
999 |c 242371  |d 242369 
952 |0 0  |1 0  |4 0  |6 379_100000000000000_MUN_1953  |7 0  |8 P  |9 255252  |a BIBEDU  |b BIBEDU  |d 2019-11-19  |i 160077K  |o 379.1 MUN 1953  |p 160077K  |r 2019-11-19  |w 2019-11-19  |y BK  |k FIL